Trópico nevado : (Registro nro. 15457)

Detalles MARC
000 -CABECERA
campo de control de longitud fija 02101nam a2200337 i 4500
003 - IDENTIFICADOR DEL NÚMERO DE CONTROL
campo de control DO-SdBPM
005 - FECHA Y HORA DE LA ÚLTIMA TRANSACCIÓN
campo de control 20251016143201.0
007 - CAMPO FIJO DE DESCRIPCIÓN FÍSICA--INFORMACIÓN GENERAL
campo de control de longitud fija ta
008 - DATOS DE LONGITUD FIJA--INFORMACIÓN GENERAL
campo de control de longitud fija 250520b2024 dr ||| 00| 0 spa d
020 ## - NÚMERO INTERNACIONAL ESTÁNDAR DEL LIBRO
Número Internacional Estándar del Libro 9789945510850
040 ## - FUENTE DE LA CATALOGACIÓN
Centro catalogador/agencia de origen DO-SdBPM
Lengua de catalogación spa
Centro/agencia transcriptor BPMSU
Normas de descripción rda
Centro/agencia modificador
082 #4 - NÚMERO DE LA CLASIFICACIÓN DECIMAL DEWEY
Número de clasificación RD863.08
Número de documento/Ítem T856n 2024
Número de edición 22
245 00 - MENCIÓN DE TÍTULO
Título Trópico nevado :
Resto del título cuentistas dominicanos en Estados Unidos /
Mención de responsabilidad, etc. selección y prólogo José Acosta ; corrección María del Carmen Vicente
250 ## - MENCIÓN DE EDICIÓN
Mención de edición Primera edición
264 #4 - PRODUCCIÓN, PUBLICACIÓN, DISTRIBUCIÓN, FABRICACIÓN Y COPYRIGHT
Producción, publicación, distribución, fabricación y copyright Santo Domingo :
Nombre del de productor, editor, distribuidor, fabricante Ministerio de Cultura;
-- Editora Nacional,
Fecha de producción, publicación, distribución, fabricación o copyright ©2024.
300 ## - DESCRIPCIÓN FÍSICA
Extensión 236 páginas ;
Dimensiones 23 cm.
336 ## - TIPO DE CONTENIDO
Término de tipo de contenido texto
Código de tipo de contenido txt
Fuente rdacontent
337 ## - TIPO DE MEDIO
Nombre/término del tipo de medio sin mediación
Código del tipo de medio n
Fuente rdamedia
338 ## - TIPO DE SOPORTE
Nombre/término del tipo de soporte volumen
Código del tipo de soporte nc
Fuente rdacarrier
505 0# - NOTA DE CONTENIDO CON FORMATO
Nota de contenido con formato Presentación 9 -- Prólogo 13 -- El jaguar 19 -- Juego de muñecas 23 -- Invis paradise 25 -- Siempre odie los gatos 37 -- El otro amigo 41 -- El árabe 47 -- El deportado 53 -- La pesadilla de Porfirio Mota 61 -- El retorno de Franz 81 -- Desarme infantil 87 -- Mongo no muere, aunque se ahogue el río 93 -- Nova Terra 99 -- El muchacho que se ahogaba en el yaque -- José Minaya Peña 103 -- Serás para mí 109 -- Como traídas por la lluvia 123 -- Una mujer sin sombrero 129 -- Ante todo umbral 133 -- Terapia 137 -- Falsas ilusiones 149 -- El clamor de la sangre 155 -- Seis pulgadas de nieve 163 -- Cosas que no se olvidan 175 -- Las campanas duermen a las diez de la noche 179 -- Parábola de un transfuga 191 -- Un funeral digno 195 -- Un hombre bueno 207 -- Tiempos difíciles 211 -- Datos biográficos de los autores 223
590 ## - NOTA LOCAL (RLIN)
Nota local Inventariado, 2025/VM
650 #7 - PUNTO DE ACCESO ADICIONAL DE MATERIA--TÉRMINO DE MATERIA
Término de materia o nombre geográfico como elemento de entrada Literatura dominicana
Subdivisión general Historia y crítica
650 #7 - PUNTO DE ACCESO ADICIONAL DE MATERIA--TÉRMINO DE MATERIA
Término de materia o nombre geográfico como elemento de entrada Cuentos dominicanos
Subdivisión de forma Colecciones
650 #7 - PUNTO DE ACCESO ADICIONAL DE MATERIA--TÉRMINO DE MATERIA
Término de materia o nombre geográfico como elemento de entrada Diáspora dominicana en literatura
650 #7 - PUNTO DE ACCESO ADICIONAL DE MATERIA--TÉRMINO DE MATERIA
Término de materia o nombre geográfico como elemento de entrada Autores dominicanos
Subdivisión de forma Biografías
651 #7 - PUNTO DE ACCESO ADICIONAL DE MATERIA--NOMBRE GEOGRÁFICO
Nombre geográfico República dominicana
Subdivisión general Emigración e Inmigración
Subdivisión geográfica Estados Unidos
700 1# - PUNTO DE ACCESO ADICIONAL--NOMBRE DE PERSONA
Nombre de persona Acosta, José,
Término indicativo de función/relación prologuista
Código de función/relación pr.
700 1# - PUNTO DE ACCESO ADICIONAL--NOMBRE DE PERSONA
Nombre de persona Vicente, María del Carmen,
Término indicativo de función/relación corrector
Código de función/relación corr.
910 ## - DATOS DE OPCIÓN DEL USUARIO (OCLC)
Datos de opción del usuario VMateo V. Control de calidad. BPMSU
942 ## - ELEMENTOS DE PUNTO DE ACCESO ADICIONAL (KOHA)
Fuente del sistema de clasificación o colocación Dewey Decimal Classification
Tipo de ítem Koha Libros
Existencias
Estado de retiro Estado de pérdida Fuente del sistema de clasificación o colocación No para préstamo Código de colección Localización permanente Ubicación/localización actual Fecha de adquisición Fuente de adquisición Total de préstamos Signatura topográfica completa Código de barras Fecha visto por última vez Precio válido a partir de Tipo de ítem Koha
    Dewey Decimal Classification   Colección Dominicana Biblioteca Pública Metropolitana Salomé Ureña Biblioteca Pública Metropolitana Salomé Ureña 10/16/2025 Dirección General del Libro   BPMSU CD RD863.08 T856n 2024 BPMSU25100066 10/16/2025 10/16/2025 Libros